[Event "TUR Cup"]
[Site "Antalya"]
[Date "2017.02.02"]
[Round "8"]
[White "Alacan, Mehmet"]
[Black "Aydin, Basar"]
[Result "1-0"]
[WhiteElo "1768"]
[BlackElo "1084"]
[PlyCount "35"]
[EventDate "2017.01.28"]
[EventType "swiss"]
[EventRounds "11"]
[EventCountry "TUR"]
[SourceTitle "CBM 176 Extra"]
[Source "ChessBase"]
[SourceDate "2017.03.02"]
[SourceVersion "1"]
[SourceVersionDate "2017.03.02"]
[SourceQuality "1"]

1. d4 d5 2. c4 c6 3. e3 e6 4. Nc3 Nf6 5. Bd3 Be7 6. Nf3 Nbd7 7. b3 h6 8. 0-0 0-0 9. Bb2 b6 10. Rc1 b5 11. c5 a5 12. Bb1 Ba6 13. Re1 Qc7 14. e4 b4 15. e5 bxc3 16. exf6 Bxf6 17. Bxc3 Rfe8 18. Qc2 1-0

[Event "TUR Cup"]
[Site "Antalya"]
[Date "2017.01.31"]
[Round "6"]
[White "Kizilkaya, Burak"]
[Black "Aydin, Basar"]
[Result "0-1"]
[WhiteElo "2043"]
[BlackElo "1084"]
[PlyCount "50"]
[EventDate "2017.01.28"]
[EventType "swiss"]
[EventRounds "11"]
[EventCountry "TUR"]
[SourceTitle "CBM 176 Extra"]
[Source "ChessBase"]
[SourceDate "2017.03.02"]
[SourceVersion "1"]
[SourceVersionDate "2017.03.02"]
[SourceQuality "1"]

1. b3 c5 2. Bb2 Nc6 3. g3 Nf6 4. Bg2 d6 5. Nf3 g6 6. Nc3 Bg7 7. 0-0 0-0 8. d3 Bg4 9. h3 Bxf3 10. exf3 Nd4 11. f4 Rb8 12. Na4 b5 13. Nc3 Qd7 14. Nb1 Nh5 15. c3 Nc6 16. f5 Rbc8 17. fxg6 fxg6 18. Na3 b4 19. Nb5 a6 20. Re1 Rfe8 21. Qg4 Qxg4 22. hxg4 Nf6 23. Bxc6 Rxc6 24. Nxd6 exd6 25. Rxe8+ Nxe8 0-1

[Event "TUR Cup"]
[Site "Antalya"]
[Date "2017.01.29"]
[Round "2"]
[White "Ersoy, Emre"]
[Black "Aydin, Basar"]
[Result "1-0"]
[WhiteElo "1611"]
[BlackElo "1084"]
[PlyCount "45"]
[EventDate "2017.01.28"]
[EventType "swiss"]
[EventRounds "11"]
[EventCountry "TUR"]
[SourceTitle "CBM 176 Extra"]
[Source "ChessBase"]
[SourceDate "2017.03.02"]
[SourceVersion "1"]
[SourceVersionDate "2017.03.02"]
[SourceQuality "1"]

1. e4 c5 2. Nf3 Nc6 3. d4 cxd4 4. Nxd4 g6 5. Nc3 Bg7 6. Be3 Nf6 7. f3 0-0 8. Qd2 d5 9. 0-0-0 e6 10. h4 dxe4 11. Kb1 Nxd4 12. Bxd4 exf3 13. Qc1 fxg2 14. Bxg2 Qc7 15. h5 Nxh5 16. Bxg7 Kxg7 17. Rxh5 gxh5 18. Qg5+ Kh8 19. Qf6+ Kg8 20. Bxb7 Qg3 21. Bxa8 Qg6 22. Qd4 a6 23. Rg1 1-0